000
00301nam a22001097a 4500
008
160518b xxu||||| |||| 00| 0 eng d
020
_a
9781418048730
041
_a
eng
080
_a
616.31
245
_a
Dental assisting / a comprehensive approach:
_c
Donna J. Phinney; Judy H. Halstead;
942
_2
udc
_c
BK
999
_c
2207
_d
2207